[Event "Lviv Tradition June 2018"]
[Site "Lviv"]
[Date "2018.06.17"]
[Round "10"]
[White "Mirzoev, Emil"]
[Black "Can, Isik"]
[Result "1/2-1/2"]
[WhiteElo "2421"]
[BlackElo "2396"]
[Annotator "TA"]
[PlyCount "62"]
[EventDate "2018.??.??"]
[EventType "schev"]
[EventCountry "UKR"]
[SourceTitle "playchess.com"]
[Source "ChessBase"]
[SourceQuality "1"]

{[%evp 14,62,34,0,-1,-28,-8,-19,-12,-27,16,9,23,22,14,-10,-8,-10,16,16,16,14,25,10,9,9,25,19,21,25,39,35,33,32,31,12,44,17,40,20,13,-53,-53,-80,-53,-53,-48,-48,-48,-48,-46]} 1. c4 c6 2. Nf3 Nf6 3. b3 d5 4. Bb2 Bf5 5. e3 e6 6. Be2 Nbd7 7. O-O Bd6 8. cxd5 {LiveBook: 3 Games. A12: English Opening: 1...c6 with b3 by White} exd5 (8... cxd5 9. Ba3 Bxa3 10. Nxa3 h6 11. Qc1 O-O 12. Qb2 a6 13. Rfc1 Qb6 14. Nb1 Rfc8 15. Nc3 Qd6 {½-½ (31) Tratar,M (2499)-Lenic,L (2637) Ljubljana 2012}) 9. d3 {[%cal Bd2d3,Bd3d4][%mdl 32]} O-O 10. Nbd2 {The position is equal.} Re8 11. Re1 Ne5 $146 (11... h6 {seems wilder.} 12. Qc2 Qe7 13. h3 Bg6 14. a3 a5) ({Predecessor:} 11... a5 12. a3 Nc5 13. Qc2 h6 14. h3 Bg6 15. Bf1 Qe7 {0-1 (54) Csala,I (2273)-Popchev,M (2456) Porto San Giorgio 2007}) 12. Bxe5 Bxe5 13. Nxe5 Rxe5 14. d4 Re8 15. b4 Ne4 16. Nxe4 Bxe4 17. Bd3 Qd6 (17... g6 {seems wilder.} 18. Bxe4 Rxe4 19. a4 Re7 20. Rb1 Kg7) 18. Rb1 a6 19. Bxe4 Rxe4 20. a4 f5 21. g3 Rae8 22. Qf3 Qg6 23. Kh1 Qg4 24. Kg2 R4e6 (24... Qxf3+ {is more complex.} 25. Kxf3 g5 26. Red1 h5 27. b5 axb5 28. axb5 f4) 25. h3 (25. h4 {looks sharper.} Qe4 26. Rec1 Ra8 27. Rb2 Rf6 28. Rc5) 25... Qe4 26. Qxe4 (26. h4 {with more complications.} Kf7 27. Rec1 Kf6 28. Rb2 h6 29. b5) 26... fxe4 $14 {KRR-KRR} 27. a5 ({White should play} 27. Rec1 $11) 27... Rf6 $15 28. Rb2 Ref8 29. h4 {Black is slightly better.} h5 30. Rc1 Rf3 31. Re2 R8f5 {Precision: White = 46%, Black = 40%.} 1/2-1/2

[Event "Lviv Tradition June 2018"]
[Site "Lviv"]
[Date "2018.06.17"]
[Round "10"]
[White "Frolov, Artur"]
[Black "Dedebas, Emre Emin"]
[Result "0-1"]
[WhiteElo "2406"]
[BlackElo "2336"]
[Annotator "NA"]
[PlyCount "120"]
[EventDate "2018.??.??"]
[EventType "schev"]
[EventCountry "UKR"]
[SourceTitle "playchess.com"]
[Source "ChessBase"]
[SourceQuality "1"]
[TimeControl "5400+30"]

{[%evp 8,93,29,15,20,31,38,40,39,48,39,27,49,32,32,33,34,40,33,23,32,17,23,25,26,32767,24,11,12,16,15,4,4,5,32767,18,27,25,32,32767,32767,32767,32767,32767,32767,32767,32767,32767,32767,32767,32767,32767,57,47,101,115,32767,137,241,32767,32767,32767,151,32767,-228,-221,32767,32767,32767,32767,32767,32767,-233,-229,-237,-232,-233,-247,32767,-287,-260,32767,-167,32767,32767,-194,32767,-209]} 1. e4 {[%emt 0:00:00]} e5 {[%emt 0:00:04]} 2. Nf3 {[%emt 0:00:00]} Nc6 {[%emt 0:00:03]} 3. Bb5 {[%emt 0:00:00]} a6 {[%emt 0:00:04]} 4. Ba4 {[%emt 0:00:00]} Nf6 {[%emt 0:00:04]} 5. O-O {[%emt 0:00:02]} Be7 {[%emt 0:00:12]} 6. Re1 {[%emt 0:03:10]} d6 {[%emt 0:00:30]} 7. c3 {[%emt 0:00:43]} Bg4 {[%emt 0:00:15]} 8. d3 {[%emt 0:01:27]} Nd7 {[%emt 0:00:15]} 9. Nbd2 {[%emt 0:02:32] C87: Closed Ruy Lopez: Steinitz-type lines after 6 Re1 d6} Nc5 {[%emt 0:00:10]} 10. Bc2 {[%emt 0:00:30]} Ne6 {[%emt 0:00:09]} 11. h3 {[%emt 0:01:03]} Bh5 {[%emt 0:00:08]} 12. Nf1 {[%emt 0:05:34]} Ng5 {[%emt 0:02:12]} 13. Bxg5 {[%emt 0:00:19]} Bxg5 {[%emt 0:00:09] LiveBook: 42 Games} 14. Ng3 {[%emt 0:00:08]} Bxf3 {[%emt 0:00:06]} 15. Qxf3 {[%emt 0:00:05]} g6 {[%emt 0:00:20]} (15... O-O 16. Rad1 Qf6 17. Qxf6 Bxf6 {0-1 (57) Najer,E (2699)-Mamedyarov,S (2791) Antalya 2017}) 16. Nf1 {[%emt 0:01:40]} Qf6 {[%emt 0:02:49]} 17. Qxf6 {[%emt 0:00:10]} Bxf6 {[%emt 0:00:04]} 18. Ne3 $146 {[%emt 0:00:09]} Ne7 {[%emt 0:00:39]} 19. b4 {[%emt 0:00:35]} O-O {[%emt 0:01:01]} 20. a4 {[%emt 0:00:12]} Rfb8 {[%emt 0:04:07]} 21. a5 {[%emt 0:00:35]} Rd8 {[%emt 0:03:41]} 22. Bb3 {[%emt 0:00:51]} Rac8 {[%emt 0:13:00]} 23. Rab1 {[%emt 0:08:49]} h5 {[%emt 0:00:59]} 24. Kf1 {[%emt 0:00:50]} Kg7 {[%emt 0:00:33]} 25. Ke2 {[%emt 0:01:51]} Bg5 {[%emt 0:01:30]} 26. g3 {[%emt 0:01:05]} h4 {[%emt 0:00:41]} 27. Rf1 {[%emt 0:04:00]} hxg3 {[%emt 0:04:24]} 28. fxg3 {[%emt 0:00:06]} Rf8 {[%emt 0:00:03]} 29. Rf3 {[%emt 0:09:33]} f5 {[%emt 0:18:26]} (29... Bxe3 $5 30. Kxe3 f5 $14) 30. Be6 {[%emt 0:01:42]} Rce8 {[%emt 0:00:12] [#]} 31. Rbf1 $1 {[%emt 0:01:40]} f4 {[%emt 0:00:18]} 32. h4 {[%emt 0:11:08]} Bf6 {[%emt 0:02:15]} (32... Bh6 {might work better.}) 33. Ng4 {[%emt 0:00:31]} g5 {[%emt 0:01:35]} 34. Nxf6 {[%emt 0:13:24]} Kxf6 {[%emt 0:01:27]} 35. hxg5+ {[%emt 0:01:30]} Kxe6 {[%emt 0:00:32]} 36. gxf4 {[%emt 0:00:04]} Rxf4 {[%emt 0:02:07]} 37. Rxf4 {[%emt 0:00:01]} exf4 {[%emt 0:00:30]} 38. Rxf4 {[%emt 0:00:01]} Rg8 {[%emt 0:00:23]} 39. Rg4 {[%emt 0:00:41]} Ng6 {[%emt 0:00:31]} 40. Ke3 {[%emt 0:02:14]} Rh8 {[%emt 0:01:18]} 41. Rg3 {[%emt 0:00:02]} Rh1 {[%emt 0:00:16]} 42. d4 {[%emt 0:00:31]} Re1+ {[%emt 0:03:52]} 43. Kf3 {[%emt 0:00:32]} d5 {[%emt 0:06:16]} 44. exd5+ {[%emt 0:00:44]} Kf5 {[%emt 0:00:30]} 45. Kf2 {[%emt 0:02:47]} Re4 {[%emt 0:00:39]} 46. Kf3 {[%emt 0:06:58]} Ne7 {[%emt 0:09:59]} 47. g6 $19 {[%emt 0:00:55]} Nxd5 {[%emt 0:05:46]} 48. Kf2 {[%emt 0:03:54]} Re8 {[%emt 0:01:50]} 49. g7 {[%emt 0:00:39]} Rg8 {[%emt 0:00:31]} 50. Ke2 {[%emt 0:09:36]} Kf6 {[%emt 0:01:15]} 51. Rf3+ {[%emt 0:01:41]} Kxg7 {[%emt 0:00:12]} 52. Kd3 {[%emt 0:00:02]} Rf8 {[%emt 0:03:24]} 53. Rg3+ {[%emt 0:00:02]} Kf7 {[%emt 0:00:19]} 54. Kc4 {[%emt 0:00:03]} Ke6 {[%emt 0:00:28]} 55. Kc5 {[%emt 0:00:54]} Rf5 {[%emt 0:00:29]} 56. c4 {[%emt 0:00:42]} Nf6+ {[%emt 0:02:47]} 57. d5+ {[%emt 0:00:03]} Ke5 {[%emt 0:00:01]} 58. Re3+ {[%emt 0:03:04]} Ne4+ {[%emt 0:00:09]} 59. Rxe4+ {[%emt 0:00:02]} Kxe4 {[%emt 0:00:04]} 60. b5 {[%emt 0:00:01]} axb5 {[%emt 0:00:20] Kd4+ Ke5+} 0-1

[Event "Lviv Tradition June 2018"]
[Site "Lviv"]
[Date "2018.06.17"]
[Round "10"]
[White "Anwesh, Upadhyaya"]
[Black "Akdogan, Alperen"]
[Result "1/2-1/2"]
[WhiteElo "2375"]
[BlackElo "2260"]
[Annotator "NA"]
[PlyCount "60"]
[EventDate "2018.??.??"]
[EventType "schev"]
[EventCountry "UKR"]
[SourceTitle "playchess.com"]
[Source "ChessBase"]
[SourceQuality "1"]
[TimeControl "5400+30"]

1. c4 {[%emt 0:00:14]} Nf6 {[%emt 0:00:36]} 2. g3 {[%emt 0:00:05]} e6 {[%emt 0:00:21]} 3. Bg2 {[%emt 0:00:07]} d5 {[%emt 0:02:55]} 4. Nf3 {[%emt 0:00:05]} Be7 {[%emt 0:00:49]} 5. O-O {[%emt 0:00:15]} O-O {[%emt 0:00:21]} 6. d4 {[%emt 0:00:04]} c6 {[%emt 0:07:01]} 7. Nc3 {[%emt 0:04:42]} Nbd7 {[%emt 0:05:04]} 8. Nd2 {[%emt 0:00:23]} b6 {[%emt 0:03:48]} 9. e4 {[%emt 0:10:24]} dxe4 {[%emt 0:01:23] LiveBook: 11 Games} 10. Ndxe4 {[%emt 0:00:15]} Bb7 {[%emt 0:03:03]} 11. Qe2 {[%emt 0:01:58] E07: Katalanisch} (11. Bf4 Nxe4 12. Nxe4 Nf6 13. Nxf6+ Bxf6 14. Be5 {½-½ (14) Khalifman,A (2632)-Fedoseev,V (2525) Tallinn 2012}) 11... Nxe4 {[%emt 0:18:51]} 12. Nxe4 {[%emt 0:00:06]} c5 $146 {[%emt 0:03:06]} ({Vorgänger:} 12... Nf6 13. Rd1 Re8 14. Be3 Rc8 15. Rac1 Rc7 16. Nxf6+ Bxf6 17. Bf4 Rd7 18. Be5 Qe7 {1-0 (31) Bednar,M (2255)-Gerbery,R (2213) Slovakia 2009}) 13. dxc5 {[%emt 0:00:18]} Nxc5 {[%emt 0:00:20]} 14. Nxc5 {[%emt 0:08:52]} Bxg2 {[%emt 0:00:19]} 15. Kxg2 {[%emt 0:00:11]} Bxc5 {[%emt 0:00:09]} 16. Rd1 {[%emt 0:00:20]} Qe7 {[%emt 0:05:17]} 17. Bf4 {[%emt 0:00:10]} Rfd8 {[%emt 0:00:55]} 18. Be5 {[%emt 0:01:40]} Qb7+ {[%emt 0:10:28]} 19. Qf3 {[%emt 0:00:29]} Qxf3+ {[%emt 0:00:33]} 20. Kxf3 {[%emt 0:00:03]} Rac8 {[%emt 0:00:21]} 21. Ke2 {[%emt 0:00:51]} f6 {[%emt 0:00:29]} 22. Bc3 {[%emt 0:00:07]} Kf7 {[%emt 0:00:16]} 23. f3 {[%emt 0:00:23]} e5 {[%emt 0:03:49]} 24. Rxd8 {[%emt 0:01:02]} Rxd8 {[%emt 0:00:04]} 25. Rd1 $11 {[%emt 0:00:10]} Rxd1 {[%emt 0:00:22]} 26. Kxd1 {[%emt 0:00:01]} Ke6 {[%emt 0:02:12]} 27. g4 {[%emt 0:00:14]} g6 {[%emt 0:00:49]} 28. Ke2 {[%emt 0:00:08]} h5 {[%emt 0:00:58]} 29. h3 {[%emt 0:00:09]} hxg4 {[%emt 0:00:06]} 30. hxg4 {[%emt 0:00:05]} f5 {[%emt 0:02:15]} 1/2-1/2

[Event "Lviv Tradition June 2018"]
[Site "Lviv"]
[Date "2018.06.17"]
[Round "10"]
[White "Sabuk, Piotr"]
[Black "Tanriverdi, Enes"]
[Result "1-0"]
[WhiteElo "2369"]
[BlackElo "2281"]
[Annotator "NA"]
[PlyCount "89"]
[EventDate "2018.??.??"]
[EventType "schev"]
[EventCountry "UKR"]
[SourceTitle "playchess.com"]
[Source "ChessBase"]
[SourceQuality "1"]
[TimeControl "5400+30"]

1. d4 {[%emt 0:00:00]} Nf6 {[%emt 0:00:08]} 2. c4 {[%emt 0:00:04]} g6 {[%emt 0:00:09]} 3. Nc3 {[%emt 0:00:09]} Bg7 {[%emt 0:00:06]} 4. e4 {[%emt 0:00:17]} d6 {[%emt 0:00:05]} 5. Be2 {[%emt 0:00:57]} O-O {[%emt 0:00:34]} 6. Be3 {[%emt 0:00:43]} c5 {[%emt 0:01:07]} 7. dxc5 {[%emt 0:00:36] E73: King's Indian: Averbakh Variation without 6...c5} Qa5 {[%emt 0:01:20]} 8. f3 {[%emt 0:01:01]} (8. Bd2 Qxc5 9. Nf3 Bg4 10. Be3 Qa5 11. O-O Nc6 12. a3 Rfc8 13. b4 Qd8 14. Qb3 Nd7 15. Rfd1 Nce5 16. Nxe5 Bxe2 17. Nxe2 Bxe5 18. Rac1 Qc7 19. Nf4 Bxf4 20. Bxf4 {1-0 (44) Can,E (2590)-Amin,B (2700) Dubai 2018}) 8... dxc5 {[%emt 0:02:39]} 9. e5 {[%emt 0:02:59]} Nfd7 {[%emt 0:00:56] LiveBook: 5 Games} 10. f4 {[%emt 0:00:37]} Na6 $146 {[%emt 0:13:57]} ({Predecessor:} 10... Nc6 $11 11. Nf3 f6 12. O-O fxe5 13. fxe5 Ndxe5 14. Qd5+ e6 15. Qxc5 {½-½ (37) Buhmann,R (2564)-Andersen,M (2589) Germany 2018}) 11. Nh3 {[%emt 0:12:30]} (11. Nf3 $16) 11... Qd8 {[%emt 0:05:38]} 12. Ng5 {[%emt 0:12:23]} Nb6 {[%emt 0:09:48]} 13. Nge4 {[%emt 0:14:40]} Be6 {[%emt 0:16:42]} 14. Qb3 {[%emt 0:04:49]} ({Reject} 14. Nxc5 $6 Nxc5 15. Qxd8 Rfxd8 $11) 14... Qc7 {[%emt 0:02:51]} (14... f6 $142) 15. O-O {[%emt 0:02:59]} Rad8 {[%emt 0:28:17]} 16. Rad1 {[%emt 0:13:55]} Rxd1 {[%emt 0:06:12]} 17. Rxd1 {[%emt 0:00:49]} Rd8 $16 {[%emt 0:01:29]} 18. Nd5 {[%emt 0:14:14]} Bxd5 {[%emt 0:01:29]} 19. cxd5 {[%emt 0:00:02]} Nb4 {[%emt 0:00:24]} 20. d6 {[%emt 0:04:44]} exd6 {[%emt 0:00:17]} 21. a3 {[%emt 0:02:38]} N4d5 {[%emt 0:01:00]} 22. exd6 {[%emt 0:01:13]} Qc8 {[%emt 0:01:49]} 23. Bxc5 {[%emt 0:03:33]} Nxf4 {[%emt 0:00:08]} 24. Bf3 {[%emt 0:01:01]} Ne6 {[%emt 0:01:11]} 25. Be3 {[%emt 0:00:27]} Nd7 {[%emt 0:02:52]} 26. Bg4 {[%emt 0:02:55]} Re8 {[%emt 0:00:08]} 27. Rc1 {[%emt 0:01:30]} Qd8 {[%emt 0:01:41]} 28. Bxe6 {[%emt 0:01:34]} Rxe6 {[%emt 0:00:02]} 29. Qxb7 {[%emt 0:00:14]} Nf8 {[%emt 0:00:16]} 30. Rc8 {[%emt 0:00:47]} Qh4 {[%emt 0:01:09]} 31. g3 {[%emt 0:00:37]} Qg4 {[%emt 0:00:25]} 32. d7 {[%emt 0:00:28]} Rxe4 {[%emt 0:00:35]} 33. d8=Q {[%emt 0:00:22]} Rxe3 {[%emt 0:00:12]} 34. Qb4 {[%emt 0:00:28]} Rxg3+ {[%emt 0:01:21]} 35. hxg3 {[%emt 0:00:07]} Qxg3+ {[%emt 0:00:01]} 36. Kf1 {[%emt 0:00:16]} Qf3+ {[%emt 0:00:10]} 37. Ke1 {[%emt 0:00:22]} Qe3+ {[%emt 0:00:07]} 38. Kd1 {[%emt 0:00:18]} Qf3+ {[%emt 0:00:04]} 39. Kc2 {[%emt 0:00:47]} Qf5+ {[%emt 0:00:27]} 40. Kb3 {[%emt 0:00:22]} Qe6+ {[%emt 0:00:09]} 41. Qc4 {[%emt 0:00:22]} Qe5 {[%emt 0:00:06]} 42. Qd2 {[%emt 0:01:14]} h5 {[%emt 0:00:16]} 43. Qf2 {[%emt 0:00:24]} Bf6 {[%emt 0:00:44]} 44. Rxf8+ {[%emt 0:00:50]} Kxf8 {[%emt 0:00:09]} 45. Qcc5+ {[%emt 0:00:14]} 1-0

[Event "Lviv Tradition June 2018"]
[Site "Lviv"]
[Date "2018.06.17"]
[Round "10"]
[White "Shkuran, Danylo"]
[Black "Ozenir, Ekin Baris"]
[Result "1-0"]
[WhiteElo "2368"]
[BlackElo "2320"]
[Annotator "NA"]
[PlyCount "47"]
[EventDate "2018.??.??"]
[EventType "schev"]
[EventCountry "UKR"]
[SourceTitle "playchess.com"]
[Source "ChessBase"]
[SourceQuality "1"]
[TimeControl "5400+30"]

{[%evp 8,47,78,33,29,9,49,29,37,70,92,94,110,32767,32767,32767,32767,32767,32767,32767,32767,32767,32767,32767,32767,32767,32767,252,992,32767,32767,1038,32767,590,32767,32767,29992,29993,32767,32767,32767,29997]} 1. e4 {[%emt 0:00:00]} Nc6 {[%emt 0:00:27]} 2. Nf3 {[%emt 0:00:00]} d6 {[%emt 0:00:12]} 3. d4 {[%emt 0:00:05]} Nf6 {[%emt 0:00:07]} 4. Nc3 {[%emt 0:01:14]} g6 {[%emt 0:00:13]} 5. Bf4 {[%emt 0:01:37]} Bg7 {[%emt 0:04:03]} 6. d5 {[%emt 0:04:03] LiveBook: 6 Games B08: Pirc-Ufimzew-Verteidigung} (6. Qd2 Bg4 7. Be2 O-O 8. d5 Bxf3 9. Bxf3 Ne5 10. Bxe5 dxe5 11. Qd3 Re8 12. Rd1 Qd6 13. O-O a6 14. a3 e6 15. Qc4 exd5 16. Nxd5 Nxd5 17. Rxd5 {1-0 (51) Vitiugov,N (2726)-Saric,I (2652) Tallinn 2016}) 6... Nb8 {[%emt 0:01:38]} 7. Qd2 {[%emt 0:00:15]} Nbd7 {[%emt 0:08:59]} 8. Bh6 {[%emt 0:03:14]} Bxh6 $146 {[%emt 0:06:25]} ({Vorgänger:} 8... O-O 9. h4 e5 10. dxe6 fxe6 11. Bxg7 Kxg7 12. O-O-O e5 13. Ne1 {½-½ (24) Doberitz,P (2220)-Diebl,L (2221) Germany 2009}) 9. Qxh6 {[%emt 0:09:26]} c6 {[%emt 0:04:43]} 10. O-O-O {[%emt 0:20:22]} Qb6 {[%emt 0:03:40]} 11. Nd4 {[%emt 0:01:30]} c5 {[%emt 0:08:16]} 12. Nf3 {[%emt 0:03:42]} a6 {[%emt 0:07:26]} 13. Ng5 {[%emt 0:02:07]} Qa5 {[%emt 0:03:49]} 14. f4 {[%emt 0:11:26]} b5 {[%emt 0:07:05]} 15. e5 {[%emt 0:02:02]} dxe5 {[%emt 0:03:43]} 16. d6 {[%emt 0:00:15]} exd6 {[%emt 0:06:52]} 17. Rxd6 {[%emt 0:06:55]} b4 $2 {[%emt 0:04:44]} (17... Bb7) 18. Qg7 {[%emt 0:01:31]} Rf8 {[%emt 0:00:28]} 19. Bc4 {[%emt 0:01:35]} ({Stronger than} 19. Nxf7 Rxf7 20. Re6+ Kd8 $11) 19... bxc3 {[%emt 0:03:50]} 20. Bxf7+ {[%emt 0:00:17]} Ke7 {[%emt 0:00:34]} 21. Rxf6 {[%emt 0:00:33]} cxb2+ {[%emt 0:02:07]} 22. Kb1 {[%emt 0:00:21]} Nxf6 {[%emt 0:01:15]} 23. Rd1 {[%emt 0:06:40]} Bd7 {[%emt 0:04:04]} 24. Be6+ {[%emt 0:00:52]} 1-0